<?xml version="1.0" encoding="UTF-8"?>
<record
    xmlns:xsi="http://www.w3.org/2001/XMLSchema-instance"
    xsi:schemaLocation="http://www.loc.gov/MARC21/slim http://www.loc.gov/standards/marcxml/schema/MARC21slim.xsd"
    xmlns="http://www.loc.gov/MARC21/slim">

  <leader>03843nam a2200577Ia 4500</leader>
  <controlfield tag="001">5680</controlfield>
  <controlfield tag="008">241029s9999    xx            000 0 und d</controlfield>
  <datafield tag="010" ind1=" " ind2=" ">
    <subfield code="a">5335</subfield>
  </datafield>
  <datafield tag="041" ind1=" " ind2=" ">
    <subfield code="a">Espa&#xF1;ol</subfield>
  </datafield>
  <datafield tag="082" ind1=" " ind2=" ">
    <subfield code="a">n/a</subfield>
  </datafield>
  <datafield tag="245" ind1=" " ind2="0">
    <subfield code="a">Nivel De Satisfacci&#xF3;n De Los Docentes, Alumno/as Con Relaci&#xF3;n A La Gesti&#xF3;n Para La Mejora De La Calidad Educativa Del Centro, Liceo T&#xE9;cnico Profesional Mar&#xED;a Paulino Viuda P&#xE9;rez, Distrito Educativo, 07-03, Castillo; 2015-2016</subfield>
  </datafield>
  <datafield tag="260" ind1=" " ind2=" ">
    <subfield code="a">Mar&#xED;a Trinidad S&#xE1;nchez</subfield>
  </datafield>
  <datafield tag="300" ind1=" " ind2=" ">
    <subfield code="a">93</subfield>
  </datafield>
  <datafield tag="520" ind1=" " ind2=" ">
    <subfield code="a">26</subfield>
  </datafield>
  <datafield tag="630" ind1=" " ind2=" ">
    <subfield code="a">Calidad Educativa</subfield>
  </datafield>
  <datafield tag="630" ind1=" " ind2=" ">
    <subfield code="a">Docentes</subfield>
  </datafield>
  <datafield tag="630" ind1=" " ind2=" ">
    <subfield code="a">Gesti&#xF3;n</subfield>
  </datafield>
  <datafield tag="630" ind1=" " ind2=" ">
    <subfield code="a">Gesti&#xF3;n Escolar</subfield>
  </datafield>
  <datafield tag="630" ind1=" " ind2=" ">
    <subfield code="a">Percepci&#xF3;n Docente</subfield>
  </datafield>
  <datafield tag="650" ind1=" " ind2=" ">
    <subfield code="a">Gesti&#xF3;n Educativa</subfield>
  </datafield>
  <datafield tag="690" ind1=" " ind2=" ">
    <subfield code="a">Elaborado</subfield>
  </datafield>
  <datafield tag="700" ind1=" " ind2=" ">
    <subfield code="e">asesor</subfield>
    <subfield code="a">Escol&#xE1;stico, Apolinar</subfield>
  </datafield>
  <datafield tag="700" ind1=" " ind2=" ">
    <subfield code="e">autor</subfield>
    <subfield code="a">Palmers Amparo, Jos&#xE9; Luis</subfield>
  </datafield>
  <datafield tag="700" ind1=" " ind2=" ">
    <subfield code="e">autor</subfield>
    <subfield code="a">Rosa Aquino, Carmen</subfield>
  </datafield>
  <datafield tag="901" ind1=" " ind2=" ">
    <subfield code="a">{"1":"Palmers Amparo","2":"Rosa Aquino"}</subfield>
    <subfield code="b">{"1":"Jos&#xE9; Luis","2":"Carmen"}</subfield>
  </datafield>
  <datafield tag="902" ind1=" " ind2=" ">
    <subfield code="a">1</subfield>
  </datafield>
  <datafield tag="903" ind1=" " ind2=" ">
    <subfield code="a">{"1":"Escol&#xE1;stico"}</subfield>
    <subfield code="b">{"1":"Apolinar"}</subfield>
  </datafield>
  <datafield tag="904" ind1=" " ind2=" ">
    <subfield code="a">Maestr&#xED;a en</subfield>
  </datafield>
  <datafield tag="905" ind1=" " ind2=" ">
    <subfield code="a">Gesti&#xF3;n de Centros Educativos</subfield>
  </datafield>
  <datafield tag="906" ind1=" " ind2=" ">
    <subfield code="a">2</subfield>
  </datafield>
  <datafield tag="907" ind1=" " ind2=" ">
    <subfield code="a">NO APLICA</subfield>
  </datafield>
  <datafield tag="908" ind1=" " ind2=" ">
    <subfield code="a">NO APLICA</subfield>
  </datafield>
  <datafield tag="909" ind1=" " ind2=" ">
    <subfield code="a">Universidad Abierta para Adultos, Cibao Oriental (Nagua)</subfield>
  </datafield>
  <datafield tag="910" ind1=" " ind2=" ">
    <subfield code="a">NULL</subfield>
    <subfield code="b">NULL</subfield>
  </datafield>
  <datafield tag="911" ind1=" " ind2=" ">
    <subfield code="a">["1"]</subfield>
  </datafield>
  <datafield tag="912" ind1=" " ind2=" ">
    <subfield code="a">NO APLICA</subfield>
  </datafield>
  <datafield tag="913" ind1=" " ind2=" ">
    <subfield code="a">NULL</subfield>
  </datafield>
  <datafield tag="914" ind1=" " ind2=" ">
    <subfield code="a">01 de Febrero de 2016</subfield>
  </datafield>
  <datafield tag="915" ind1=" " ind2=" ">
    <subfield code="a">18/03/17 08:03</subfield>
  </datafield>
  <datafield tag="916" ind1=" " ind2=" ">
    <subfield code="a">NULL</subfield>
  </datafield>
  <datafield tag="917" ind1=" " ind2=" ">
    <subfield code="a">NULL</subfield>
  </datafield>
  <datafield tag="918" ind1=" " ind2=" ">
    <subfield code="a">NO APLICA</subfield>
  </datafield>
  <datafield tag="919" ind1=" " ind2=" ">
    <subfield code="a">["29","70","111","201","155"]</subfield>
  </datafield>
  <datafield tag="520" ind1=" " ind2=" ">
    <subfield code="a">El prop&#xF3;sito de esta investigaci&#xF3;n es determinar el nivel satisfacci&#xF3;n de los docentes, alumnos y alumnas con relaci&#xF3;n a la gesti&#xF3;n para la mejora de la calidad de la educaci&#xF3;n del Centro Educativo Liceo T&#xE9;cnico Profesional Mar&#xED;a Paulino Viuda P&#xE9;rez perteneciente en al Distrito 07-03 de Castillo en el a&#xF1;o escolar 2015-2016.Como metodolog&#xED;a, la investigaci&#xF3;n tiene un dise&#xF1;o no experimental, descriptivo y se usa el m&#xE9;todo deductivo. Se utiliz&#xF3; como t&#xE9;cnica la observaci&#xF3;n y cuestionarios para el registro. La poblaci&#xF3;n est&#xE1; constituida por 6 personas del Equipo de Gesti&#xF3;n, 18 maestras/os y 80 estudiantes para un total de 104 participantes, de los cuales se tom&#xF3; una &#xA0;muestra estudiantil de 30%, la poblaci&#xF3;n completa del equipo de gesti&#xF3;n y maestros.Entre las principales conclusiones se tiene que:Los docentes se encuentran satisfechos con &#xA0;la gesti&#xF3;n que se realiza, ya que el equipo de gesti&#xF3;n desarrolla su actividad &#xA0;supervisora en calidad de resultados educativos previamente dise&#xF1;ados. Adem&#xE1;s, este equipo ha asimilado sus funciones de gesti&#xF3;n, ya que se observ&#xF3; &#xA0;por medio de la investigaci&#xF3;n que supervisa todos los procedimientos llevados a cabo en el centro, dentro y fuera del aula, as&#xED; como la implementaci&#xF3;n de la comunicaci&#xF3;n y el dialogo como principal medida para la correcci&#xF3;n de posible problem&#xE1;ticas.&#xA0;El equipo de gesti&#xF3;n desarrolla &#xA0;las tareas de acompa&#xF1;amiento en el aula a los profesores, toma medidas de evaluaci&#xF3;n &#xA0;para mejorar el rendimiento de los estudiantes, realiza convocatorias a reuniones de importancia y socializaci&#xF3;n de cambio. As&#xED; mismo, realizan convocatoria masiva para la integraci&#xF3;n de los diversos agentes educativos, para el &#xA0;fortalecimiento de las relaciones entre todos y la mejora de los procedimientos &#xA0;educativos que se lleve.Se recomienda al Centro Educativo desarrollar un plan de capacitaci&#xF3;n educativa dirigida a los padres, en donde se les forme sobre el abordaje de los hijos para ayudarles con sus estudios.Obtener mejores espacios laborales para los docentes, en donde puedan desarrollar su labor con mayor eficiencia al momento de desarrollar su plan de clases.</subfield>
  </datafield>
  <datafield tag="921" ind1=" " ind2=" ">
    <subfield code="a">28</subfield>
  </datafield>
  <datafield tag="922" ind1=" " ind2=" ">
    <subfield code="a">28</subfield>
  </datafield>
  <datafield tag="923" ind1=" " ind2=" ">
    <subfield code="a">0</subfield>
  </datafield>
  <datafield tag="924" ind1=" " ind2=" ">
    <subfield code="a">NO APLICA</subfield>
  </datafield>
  <datafield tag="942" ind1=" " ind2=" ">
    <subfield code="c">Tesis</subfield>
  </datafield>
  <datafield tag="999" ind1=" " ind2=" ">
    <subfield code="c">5335</subfield>
    <subfield code="d">5335</subfield>
  </datafield>
</record>
